[Event "ODJM A 2024"]
[Site "Willingen GER"]
[Date "2024.05.21"]
[Round "4"]
[White "Grunert, Friedrich"]
[Black "Paeslack, Luis"]
[Result "1/2-1/2"]
[Termination "normal"]
[Board "5"]
[WhiteElo "1977"]
[BlackElo "2003"]
[WhiteClock "00:31:21"]
[BlackClock "00:05:57"]
[PlyCount "106"]
[WhiteFideId "12995592"]
[BlackFideId "12987760"]
[EventCountry "GER"]
[EventRounds "9"]
[EventType "swiss"]
[EventDate "2024.05.18"]

1. e4 {[%clk 01:30:53]} {[%emt 00:00:06]} c5 {[%clk 01:30:12]} {[%emt
00:00:48]} 2. Nf3 {[%clk 01:31:19]} {[%emt 00:00:04]} g6 {[%clk 01:26:37]}
{[%emt 00:04:06]} 3. c3 {[%clk 01:31:46]} {[%emt 00:00:04]} Bg7 {[%clk
01:23:17]} {[%emt 00:03:49]} 4. d4 {[%clk 01:31:26]} {[%emt 00:00:50]} cxd4
{[%clk 01:22:43]} {[%emt 00:01:04]} 5. cxd4 {[%clk 01:31:52]} {[%emt 00:00:04]}
d5 {[%clk 01:18:39]} {[%emt 00:04:35]} 6. e5 {[%clk 01:32:18]} {[%emt
00:00:04]} Bg4 {[%clk 01:15:49]} {[%emt 00:03:19]} 7. Bb5+ {[%clk 01:31:49]}
{[%emt 00:01:00]} Nc6 {[%clk 01:08:32]} {[%emt 00:07:47]} 8. Bxc6+ {[%clk
01:31:19]} {[%emt 00:01:00]} bxc6 {[%clk 01:08:53]} {[%emt 00:00:08]} 9. Nbd2
{[%clk 01:31:37]} {[%emt 00:00:13]} Nh6 {[%clk 00:50:43]} {[%emt 00:18:40]} 10.
h3 {[%clk 01:30:11]} {[%emt 00:01:56]} Bxf3 {[%clk 00:49:37]} {[%emt 00:01:36]}
11. Nxf3 {[%clk 01:30:17]} {[%emt 00:00:24]} Qa5+ {[%clk 00:44:34]} {[%emt
00:05:33]} 12. Qd2 {[%clk 01:28:33]} {[%emt 00:02:14]} Qb5 {[%clk 00:38:44]}
{[%emt 00:06:20]} 13. b3 {[%clk 01:27:54]} {[%emt 00:01:09]} O-O {[%clk
00:35:37]} {[%emt 00:03:37]} 14. Qe2 {[%clk 01:26:36]} {[%emt 00:01:48]} Rfc8
{[%clk 00:31:54]} {[%emt 00:04:13]} 15. Qxb5 {[%clk 01:25:12]} {[%emt
00:01:55]} cxb5 {[%clk 00:32:22]} {[%emt 00:00:01]} 16. Ba3 {[%clk 01:25:14]}
{[%emt 00:00:28]} e6 {[%clk 00:28:00]} {[%emt 00:04:52]} 17. Kd2 {[%clk
01:23:08]} {[%emt 00:02:36]} Bf8 {[%clk 00:22:14]} {[%emt 00:06:16]} 18. Bxf8
{[%clk 01:23:34]} {[%emt 00:00:05]} Kxf8 {[%clk 00:22:33]} {[%emt 00:00:11]}
19. Rhc1 {[%clk 01:21:08]} {[%emt 00:02:55]} Nf5 {[%clk 00:20:30]} {[%emt
00:02:35]} 20. g4 {[%clk 01:18:35]} {[%emt 00:03:04]} Ne7 {[%clk 00:20:39]}
{[%emt 00:00:20]} 21. Ne1 {[%clk 01:17:24]} {[%emt 00:01:40]} Nc6 {[%clk
00:18:41]} {[%emt 00:02:28]} 22. Ke3 {[%clk 01:15:34]} {[%emt 00:02:21]} Nd8
{[%clk 00:15:37]} {[%emt 00:03:35]} 23. Nd3 {[%clk 01:14:36]} {[%emt 00:01:28]}
Nb7 {[%clk 00:15:32]} {[%emt 00:00:35]} 24. Kd2 {[%clk 01:13:04]} {[%emt
00:02:02]} a5 {[%clk 00:13:48]} {[%emt 00:02:14]} 25. Rxc8+ {[%clk 01:11:09]}
{[%emt 00:02:26]} Rxc8 {[%clk 00:14:14]} {[%emt 00:00:05]} 26. a3 {[%clk
01:11:12]} {[%emt 00:00:27]} Ke7 {[%clk 00:10:13]} {[%emt 00:04:31]} 27. h4
{[%clk 01:07:00]} {[%emt 00:04:42]} Kd7 {[%clk 00:04:24]} {[%emt 00:06:19]} 28.
Rh1 {[%clk 01:03:41]} {[%emt 00:03:47]} a4 {[%clk 00:03:44]} {[%emt 00:01:12]}
29. bxa4 {[%clk 01:02:04]} {[%emt 00:02:07]} bxa4 {[%clk 00:04:14]} 30. Rb1
{[%clk 01:02:09]} {[%emt 00:00:23]} Na5 {[%clk 00:03:27]} {[%emt 00:01:17]} 31.
Nc5+ {[%clk 01:00:28]} {[%emt 00:02:12]} Kc6 {[%clk 00:02:54]} {[%emt
00:01:03]} 32. Kc3 {[%clk 00:46:51]} {[%emt 00:14:07]} Nc4 {[%clk 00:02:16]}
{[%emt 00:01:08]} 33. Rb4 {[%clk 00:40:15]} {[%emt 00:07:06]} Nxa3 {[%clk
00:01:31]} {[%emt 00:01:16]} 34. Rxa4 {[%clk 00:39:13]} {[%emt 00:01:32]} Nb5+
{[%clk 00:01:55]} {[%emt 00:00:05]} 35. Kd3 {[%clk 00:38:05]} {[%emt 00:01:38]}
Nc7 {[%clk 00:01:57]} {[%emt 00:00:29]} 36. Ra7 {[%clk 00:33:58]} {[%emt
00:04:37]} Ra8 {[%clk 00:01:58]} {[%emt 00:00:29]} 37. Rxa8 {[%clk 00:34:17]}
{[%emt 00:00:12]} Nxa8 {[%clk 00:02:27]} 38. f4 {[%clk 00:29:31]} {[%emt
00:05:17]} Nc7 {[%clk 00:02:02]} {[%emt 00:00:55]} 39. Na4 {[%clk 00:25:16]}
{[%emt 00:04:44]} Nb5 {[%clk 00:01:55]} {[%emt 00:00:37]} 40. Nb2 {[%clk
00:24:57]} {[%emt 00:00:49]} Na3 {[%clk 00:01:34]} {[%emt 00:00:51]} 41. Nd1
{[%clk 00:23:13]} {[%emt 00:02:13]} Nc4 {[%clk 00:19:15]} {[%emt 00:12:49]} 42.
Nf2 {[%clk 00:47:13]} {[%emt 00:06:30]} Kd7 {[%clk 00:13:09]} {[%emt 00:06:37]}
43. h5 {[%clk 00:42:47]} {[%emt 00:04:56]} gxh5 {[%clk 00:09:36]} {[%emt
00:04:04]} 44. gxh5 {[%clk 00:43:10]} {[%emt 00:00:07]} Ke7 {[%clk 00:06:08]}
{[%emt 00:03:57]} 45. Ng4 {[%clk 00:42:15]} {[%emt 00:01:24]} f5 {[%clk
00:05:27]} {[%emt 00:01:12]} 46. exf6+ {[%clk 00:41:30]} {[%emt 00:01:15]} Kf7
{[%clk 00:05:08]} {[%emt 00:00:49]} 47. Ne5+ {[%clk 00:30:15]} {[%emt
00:11:46]} Kxf6 {[%clk 00:05:24]} {[%emt 00:00:14]} 48. Nxc4 {[%clk 00:30:41]}
{[%emt 00:00:04]} dxc4+ {[%clk 00:05:46]} {[%emt 00:00:09]} 49. Kxc4 {[%clk
00:31:07]} {[%emt 00:00:03]} Kf5 {[%clk 00:04:27]} {[%emt 00:01:49]} 50. d5
{[%clk 00:30:11]} {[%emt 00:01:26]} exd5+ {[%clk 00:04:46]} {[%emt 00:00:11]}
51. Kxd5 {[%clk 00:30:36]} {[%emt 00:00:05]} Kxf4 {[%clk 00:05:06]} {[%emt
00:00:10]} 52. h6 {[%clk 00:30:56]} {[%emt 00:00:10]} Kg5 {[%clk 00:05:31]}
{[%emt 00:00:05]} 53. Ke4 {[%clk 00:31:21]} {[%emt 00:00:05]} Kxh6 {[%clk
00:05:57]} {[%emt 00:00:04]} 1/2-1/2

[Event "ODJM A 2024"]
[Site "Willingen GER"]
[Date "2024.05.21"]
[Round "4"]
[White "Weyerer, Noah"]
[Black "Vollbehr, Bjarne"]
[Result "0-1"]
[Termination "normal"]
[Board "6"]
[WhiteElo "1869"]
[BlackElo "1927"]
[WhiteClock "00:26:55"]
[BlackClock "00:52:20"]
[PlyCount "94"]
[WhiteFideId "16250664"]
[BlackFideId "34606025"]
[EventCountry "GER"]
[EventRounds "9"]
[EventType "swiss"]
[EventDate "2024.05.18"]

1. c4 {[%clk 01:30:58]} g6 {[%clk 01:30:49]} {[%emt 00:00:11]} 2. Nc3 {[%clk
01:31:23]} {[%emt 00:00:05]} c5 {[%clk 01:31:12]} {[%emt 00:00:08]} 3. g3
{[%clk 01:31:47]} {[%emt 00:00:05]} Bg7 {[%clk 01:31:33]} {[%emt 00:00:09]} 4.
Bg2 {[%clk 01:32:01]} {[%emt 00:00:16]} Nf6 {[%clk 01:31:44]} {[%emt 00:00:19]}
5. e4 {[%clk 01:32:07]} {[%emt 00:00:25]} e5 {[%clk 01:32:06]} {[%emt
00:00:07]} 6. Nge2 {[%clk 01:32:08]} {[%emt 00:00:29]} Nc6 {[%clk 01:32:00]}
{[%emt 00:00:36]} 7. O-O {[%clk 01:32:05]} {[%emt 00:00:33]} O-O {[%clk
01:32:08]} {[%emt 00:00:22]} 8. d3 {[%clk 01:31:10]} {[%emt 00:01:25]} d6
{[%clk 01:32:06]} {[%emt 00:00:32]} 9. h3 {[%clk 01:30:27]} {[%emt 00:01:13]}
a6 {[%clk 01:29:17]} {[%emt 00:03:20]} 10. f4 {[%clk 01:29:32]} {[%emt
00:01:24]} exf4 {[%clk 01:29:38]} {[%emt 00:00:09]} 11. gxf4 {[%clk 01:27:19]}
{[%emt 00:02:43]} Rb8 {[%clk 01:14:56]} {[%emt 00:15:13]} 12. a4 {[%clk
01:27:18]} {[%emt 00:00:31]} Bd7 {[%clk 01:13:33]} {[%emt 00:01:52]} 13. Be3
{[%clk 01:23:32]} {[%emt 00:04:15]} Ne8 {[%clk 01:09:49]} {[%emt 00:04:14]} 14.
d4 {[%clk 01:17:00]} {[%emt 00:07:03]} cxd4 {[%clk 01:07:33]} {[%emt 00:02:46]}
15. Nxd4 {[%clk 01:15:30]} {[%emt 00:02:00]} Qh4 {[%clk 01:02:16]} {[%emt
00:05:47]} 16. Kh2 {[%clk 01:02:52]} {[%emt 00:13:08]} Nf6 {[%clk 01:00:41]}
{[%emt 00:02:05]} 17. f5 {[%clk 00:59:15]} {[%emt 00:04:07]} Ne5 {[%clk
00:54:03]} {[%emt 00:07:08]} 18. Rf4 {[%clk 00:55:52]} {[%emt 00:03:53]} Qh6
{[%clk 00:46:16]} {[%emt 00:08:17]} 19. Nd5 {[%clk 00:50:54]} {[%emt 00:05:28]}
Nxd5 {[%clk 00:42:54]} {[%emt 00:03:52]} 20. cxd5 {[%clk 00:43:36]} {[%emt
00:07:49]} Nc4 {[%clk 00:42:38]} {[%emt 00:00:46]} 21. Bc1 {[%clk 00:36:48]}
{[%emt 00:07:16]} Be5 {[%clk 00:42:49]} {[%emt 00:00:19]} 22. Qg4 {[%clk
00:36:26]} {[%emt 00:00:52]} Bxd4 {[%clk 00:39:17]} {[%emt 00:04:02]} 23. Rf3
{[%clk 00:22:42]} {[%emt 00:14:14]} Be5+ {[%clk 00:37:24]} {[%emt 00:02:23]}
24. Kh1 {[%clk 00:23:05]} {[%emt 00:00:07]} Qh5 {[%clk 00:37:38]} {[%emt
00:00:16]} 25. Qxh5 {[%clk 00:22:41]} {[%emt 00:00:55]} gxh5 {[%clk 00:38:00]}
{[%emt 00:00:08]} 26. Ra2 {[%clk 00:21:44]} {[%emt 00:01:27]} b5 {[%clk
00:37:28]} {[%emt 00:01:02]} 27. b3 {[%clk 00:17:26]} {[%emt 00:04:49]} Nb6
{[%clk 00:37:13]} {[%emt 00:00:45]} 28. a5 {[%clk 00:17:49]} {[%emt 00:00:07]}
Na8 {[%clk 00:35:34]} {[%emt 00:02:09]} 29. Rc2 {[%clk 00:16:30]} {[%emt
00:01:50]} f6 {[%clk 00:35:02]} {[%emt 00:01:01]} 30. b4 {[%clk 00:11:32]}
{[%emt 00:05:28]} Rfc8 {[%clk 00:34:52]} {[%emt 00:00:40]} 31. Rff2 {[%emt
00:01:33]} Rc4 {[%clk 00:34:41]} {[%emt 00:00:36]} 32. Bf3 {[%clk 00:08:19]}
{[%emt 00:02:45]} h4 {[%clk 00:31:21]} {[%emt 00:03:50]} 33. Rg2+ {[%clk
00:07:45]} {[%emt 00:01:04]} Bg3 {[%clk 00:30:13]} {[%emt 00:01:37]} 34. Rxc4
{[%clk 00:02:26]} {[%emt 00:05:50]} bxc4 {[%clk 00:30:37]} {[%emt 00:00:07]}
35. Bd2 {[%clk 00:02:28]} {[%emt 00:00:28]} Kf7 {[%clk 00:29:36]} {[%emt
00:01:31]} 36. Be2 {[%clk 00:02:41]} {[%emt 00:00:17]} Bb5 {[%clk 00:29:36]}
{[%emt 00:00:30]} 37. Bh5+ {[%clk 00:02:15]} {[%emt 00:00:56]} Ke7 {[%clk
00:29:36]} {[%emt 00:00:29]} 38. Bc3 {[%clk 00:02:16]} {[%emt 00:00:30]} Nc7
{[%clk 00:29:09]} {[%emt 00:00:58]} 39. Be2 {[%clk 00:01:52]} {[%emt 00:00:53]}
Ne8 {[%clk 00:27:56]} {[%emt 00:01:43]} 40. Rg1 {[%clk 00:01:10]} {[%emt
00:01:12]} Ng7 {[%clk 00:27:24]} {[%emt 00:01:02]} 41. Rc1 {[%clk 00:29:06]}
{[%emt 00:02:34]} Rc8 {[%clk 00:56:59]} {[%emt 00:00:54]} 42. Bd4 {[%clk
00:26:04]} {[%emt 00:03:33]} Bf4 {[%clk 00:54:14]} {[%emt 00:03:15]} 43. Rc2
{[%clk 00:26:13]} {[%emt 00:00:21]} Be5 {[%clk 00:51:35]} {[%emt 00:03:10]} 44.
Bxe5 {[%clk 00:26:31]} {[%emt 00:00:12]} dxe5 {[%clk 00:51:13]} {[%emt
00:00:52]} 45. Rc3 {[%clk 00:26:38]} {[%emt 00:00:23]} Ne8 {[%clk 00:51:34]}
{[%emt 00:00:09]} 46. Kg2 {[%clk 00:26:40]} {[%emt 00:00:29]} Nd6 {[%clk
00:51:57]} {[%emt 00:00:07]} 47. Kf3 {[%clk 00:26:55]} {[%emt 00:00:14]} Rg8
{[%clk 00:52:20]} {[%emt 00:00:07]} 0-1

[Event "ODJM A 2024"]
[Site "Willingen GER"]
[Date "2024.05.21"]
[Round "4"]
[White "Frohnhäuser, Simon"]
[Black "Gallasch, Robin"]
[Result "0-1"]
[Termination "normal"]
[Board "8"]
[WhiteElo "1985"]
[BlackElo "2119"]
[WhiteClock "00:01:02"]
[BlackClock "00:27:58"]
[PlyCount "108"]
[WhiteFideId "16208528"]
[BlackFideId "16222423"]
[EventCountry "GER"]
[EventRounds "9"]
[EventType "swiss"]
[EventDate "2024.05.18"]

1. e4 {[%clk 01:30:57]} {[%emt 00:00:03]} c6 {[%clk 01:30:42]} {[%emt
00:00:19]} 2. Nc3 {[%clk 01:31:15]} {[%emt 00:00:12]} d5 {[%clk 01:31:06]}
{[%emt 00:00:05]} 3. Nf3 {[%clk 01:31:40]} {[%emt 00:00:04]} dxe4 {[%clk
01:31:32]} {[%emt 00:00:05]} 4. Nxe4 {[%clk 01:31:58]} {[%emt 00:00:12]} Nf6
{[%clk 01:31:57]} {[%emt 00:00:05]} 5. Qe2 {[%clk 01:31:38]} {[%emt 00:00:51]}
Na6 {[%clk 01:32:22]} {[%emt 00:00:05]} 6. Nxf6+ {[%clk 01:29:16]} {[%emt
00:02:52]} gxf6 {[%clk 01:32:00]} {[%emt 00:00:52]} 7. d4 {[%clk 01:29:33]}
{[%emt 00:00:12]} Qd5 {[%clk 01:32:20]} {[%emt 00:00:11]} 8. Qd2 {[%clk
01:24:10]} {[%emt 00:05:54]} Bg4 {[%clk 01:20:58]} {[%emt 00:11:50]} 9. Be2
{[%clk 01:19:23]} {[%emt 00:05:18]} O-O-O {[%clk 01:09:43]} {[%emt 00:11:45]}
10. c3 {[%clk 01:09:38]} {[%emt 00:10:14]} Rg8 {[%clk 01:04:05]} {[%emt
00:06:07]} 11. b4 {[%clk 00:50:37]} {[%emt 00:19:32]} e5 {[%clk 00:48:41]}
{[%emt 00:15:54]} 12. dxe5 {[%clk 00:49:24]} {[%emt 00:01:43]} fxe5 {[%clk
00:48:39]} {[%emt 00:00:32]} 13. Qxd5 {[%clk 00:45:26]} {[%emt 00:04:28]} cxd5
{[%clk 00:48:57]} {[%emt 00:00:13]} 14. Ng5 {[%clk 00:34:43]} {[%emt 00:11:12]}
Bxe2 {[%clk 00:41:13]} {[%emt 00:08:14]} 15. Kxe2 {[%clk 00:35:09]} {[%emt
00:00:05]} f6 {[%clk 00:41:35]} {[%emt 00:00:08]} 16. Ne6 {[%clk 00:33:57]}
{[%emt 00:01:42]} Re8 {[%clk 00:41:58]} {[%emt 00:00:07]} 17. Nxf8 {[%clk
00:33:31]} {[%emt 00:00:56]} Rexf8 {[%clk 00:42:24]} {[%emt 00:00:05]} 18. g3
{[%clk 00:31:24]} {[%emt 00:02:37]} Kd7 {[%clk 00:42:38]} {[%emt 00:00:16]} 19.
Be3 {[%clk 00:29:14]} {[%emt 00:02:41]} b6 {[%clk 00:40:46]} {[%emt 00:02:21]}
20. a4 {[%clk 00:29:36]} {[%emt 00:00:09]} Rc8 {[%clk 00:35:28]} {[%emt
00:05:47]} 21. Rhc1 {[%clk 00:25:49]} {[%emt 00:04:17]} Rc7 {[%clk 00:35:50]}
{[%emt 00:00:08]} 22. a5 {[%clk 00:22:43]} {[%emt 00:03:37]} b5 {[%clk
00:36:12]} {[%emt 00:00:08]} 23. Bd2 {[%clk 00:17:47]} {[%emt 00:05:25]} Rgc8
{[%clk 00:35:23]} {[%emt 00:01:20]} 24. Rd1 {[%clk 00:10:30]} {[%emt 00:07:47]}
Ke6 {[%clk 00:35:34]} {[%emt 00:00:18]} 25. g4 {[%clk 00:04:37]} {[%emt
00:06:24]} Rc4 {[%clk 00:33:13]} {[%emt 00:02:50]} 26. Rg1 {[%clk 00:04:33]}
{[%emt 00:00:35]} Rg8 {[%clk 00:31:22]} {[%emt 00:02:21]} 27. f4 {[%clk
00:03:07]} {[%emt 00:01:57]} d4 {[%clk 00:18:45]} {[%emt 00:13:08]} 28. cxd4
{[%clk 00:03:32]} {[%emt 00:00:05]} Rxd4 {[%clk 00:18:43]} {[%emt 00:00:31]}
29. Rac1 {[%clk 00:02:16]} {[%emt 00:01:46]} Nxb4 {[%clk 00:14:41]} {[%emt
00:04:32]} 30. Rc7 {[%clk 00:02:21]} {[%emt 00:00:26]} a6 {[%clk 00:09:57]}
{[%emt 00:05:14]} 31. Bxb4 {[%clk 00:01:37]} {[%emt 00:01:14]} Rxb4 {[%clk
00:10:21]} {[%emt 00:00:05]} 32. fxe5 {[%clk 00:02:01]} {[%emt 00:00:06]} fxe5
{[%clk 00:10:32]} {[%emt 00:00:19]} 33. Rxh7 {[%clk 00:02:14]} {[%emt
00:00:16]} Rbxg4 {[%clk 00:10:13]} {[%emt 00:00:50]} 34. Rxg4 {[%clk 00:01:51]}
{[%emt 00:00:54]} Rxg4 {[%clk 00:10:40]} {[%emt 00:00:03]} 35. Rh6+ {[%clk
00:02:17]} {[%emt 00:00:03]} Kd5 {[%clk 00:10:57]} {[%emt 00:00:12]} 36. Rxa6
{[%clk 00:02:23]} {[%emt 00:00:24]} Rg2+ {[%clk 00:11:21]} {[%emt 00:00:06]}
37. Ke3 {[%clk 00:01:40]} {[%emt 00:01:14]} Rxh2 {[%clk 00:11:46]} {[%emt
00:00:05]} 38. Rb6 {[%clk 00:02:05]} {[%emt 00:00:05]} Rh3+ {[%clk 00:12:08]}
{[%emt 00:00:07]} 39. Kd2 {[%clk 00:02:15]} {[%emt 00:00:21]} Kc4 {[%clk
00:08:12]} {[%emt 00:04:25]} 40. Re6 {[%clk 00:01:17]} {[%emt 00:01:29]} Kd4
{[%clk 00:05:22]} {[%emt 00:03:19]} 41. a6 {[%clk 00:25:02]} {[%emt 00:06:46]}
Rh2+ {[%clk 00:35:10]} {[%emt 00:00:41]} 42. Kd1 {[%clk 00:20:39]} {[%emt
00:04:53]} e4 {[%clk 00:32:31]} {[%emt 00:03:09]} 43. Rb6 {[%clk 00:02:42]}
{[%emt 00:18:27]} Kc4 {[%clk 00:32:19]} {[%emt 00:00:41]} 44. Re6 {[%clk
00:01:10]} {[%emt 00:02:03]} Kd3 {[%clk 00:31:24]} {[%emt 00:01:25]} 45. Rd6+
{[%clk 00:01:16]} {[%emt 00:00:24]} Ke3 {[%clk 00:31:05]} {[%emt 00:00:48]} 46.
Rb6 {[%clk 00:01:16]} {[%emt 00:00:31]} Ra2 {[%clk 00:31:01]} {[%emt 00:00:33]}
47. Kc1 {[%clk 00:00:49]} {[%emt 00:00:59]} Ke2 {[%clk 00:28:28]} {[%emt
00:03:00]} 48. Rh6 {[%clk 00:00:50]} {[%emt 00:00:31]} Ra4 {[%clk 00:27:20]}
{[%emt 00:01:37]} 49. Rh4 {[%clk 00:00:41]} {[%emt 00:00:40]} Kd3 {[%clk
00:27:08]} {[%emt 00:00:41]} 50. Rh5 {[%clk 00:00:35]} {[%emt 00:00:37]} Ra1+
{[%clk 00:26:27]} {[%emt 00:01:11]} 51. Kb2 {[%clk 00:01:00]} {[%emt 00:00:06]}
Rxa6 {[%clk 00:26:53]} {[%emt 00:00:04]} 52. Rxb5 {[%clk 00:01:02]} {[%emt
00:00:28]} Rc6 {[%clk 00:27:16]} {[%emt 00:00:07]} 53. Rb3+ {[%clk 00:00:46]}
{[%emt 00:00:46]} Kd2 {[%clk 00:27:37]} {[%emt 00:00:08]} 54. Rh3 {[%clk
00:01:02]} {[%emt 00:00:15]} e3 {[%clk 00:27:58]} {[%emt 00:00:09]} 0-1

[Event "ODJM A 2024"]
[Site "Willingen GER"]
[Date "2024.05.21"]
[Round "4"]
[White "Hofmann, Lorenz"]
[Black "Fruth, David"]
[Result "1-0"]
[Termination "normal"]
[Board "9"]
[WhiteElo "2124"]
[BlackElo "1931"]
[WhiteClock "00:39:41"]
[BlackClock "01:11:43"]
[PlyCount "71"]
[WhiteFideId "12995509"]
[BlackFideId "16257596"]
[EventCountry "GER"]
[EventRounds "9"]
[EventType "swiss"]
[EventDate "2024.05.18"]

1. e4 {[%clk 01:30:59]} c5 {[%clk 01:30:59]} {[%emt 00:00:02]} 2. Nf3 {[%clk
01:31:24]} {[%emt 00:00:05]} Nc6 {[%clk 01:31:25]} {[%emt 00:00:04]} 3. d4
{[%clk 01:31:49]} {[%emt 00:00:04]} cxd4 {[%clk 01:31:50]} {[%emt 00:00:06]} 4.
Nxd4 {[%clk 01:32:15]} {[%emt 00:00:04]} g6 {[%clk 01:32:14]} {[%emt 00:00:06]}
5. c4 {[%clk 01:32:39]} {[%emt 00:00:06]} Nf6 {[%clk 01:32:38]} {[%emt
00:00:05]} 6. Nc3 {[%clk 01:33:06]} {[%emt 00:00:04]} d6 {[%clk 01:32:57]}
{[%emt 00:00:11]} 7. Be2 {[%clk 01:33:19]} {[%emt 00:00:16]} Nxd4 {[%clk
01:33:21]} {[%emt 00:00:07]} 8. Qxd4 {[%clk 01:33:44]} {[%emt 00:00:04]} Bg7
{[%clk 01:33:48]} {[%emt 00:00:04]} 9. Be3 {[%clk 01:34:00]} {[%emt 00:00:13]}
O-O {[%clk 01:34:15]} {[%emt 00:00:03]} 10. Qd2 {[%clk 01:32:42]} {[%emt
00:01:49]} a5 {[%clk 01:32:51]} {[%emt 00:01:54]} 11. O-O {[%clk 01:31:54]}
{[%emt 00:01:18]} a4 {[%clk 01:31:03]} {[%emt 00:02:18]} 12. Rac1 {[%clk
01:29:05]} {[%emt 00:03:18]} Qa5 {[%clk 01:31:24]} {[%emt 00:00:10]} 13. Rfd1
{[%clk 01:28:02]} {[%emt 00:01:32]} Be6 {[%clk 01:30:11]} {[%emt 00:01:43]} 14.
f3 {[%clk 01:27:00]} {[%emt 00:01:32]} Rfc8 {[%clk 01:30:03]} {[%emt 00:00:38]}
15. Nb5 {[%clk 01:20:20]} {[%emt 00:07:11]} Nd7 {[%clk 01:25:41]} {[%emt
00:04:52]} 16. Qxa5 {[%clk 00:56:34]} {[%emt 00:24:15]} Rxa5 {[%clk 01:25:29]}
{[%emt 00:00:43]} 17. Nd4 {[%clk 00:52:04]} {[%emt 00:04:59]} Bxd4 {[%clk
01:22:38]} {[%emt 00:03:22]} 18. Bxd4 {[%clk 00:51:12]} {[%emt 00:01:22]} Ne5
{[%clk 01:22:42]} {[%emt 00:00:26]} 19. Bc3 {[%clk 00:48:21]} {[%emt 00:03:21]}
Rac5 {[%emt 00:03:58]} 20. b3 {[%clk 00:42:57]} {[%emt 00:03:23]} axb3 {[%clk
01:19:19]} {[%emt 00:02:56]} 21. axb3 {[%clk 00:43:24]} {[%emt 00:00:03]} b5
{[%clk 01:18:48]} {[%emt 00:01:00]} 22. b4 {[%clk 00:40:25]} {[%emt 00:03:30]}
R5c7 {[%clk 01:11:17]} {[%emt 00:08:01]} 23. Bxe5 {[%clk 00:40:42]} {[%emt
00:00:13]} dxe5 {[%clk 01:11:35]} {[%emt 00:00:11]} 24. c5 {[%clk 00:41:05]}
{[%emt 00:00:07]} Bd7 {[%clk 01:11:22]} {[%emt 00:00:43]} 25. Ra1 {[%clk
00:41:10]} {[%emt 00:00:26]} Bc6 {[%clk 01:11:12]} {[%emt 00:00:39]} 26. Kf2
{[%clk 00:40:25]} {[%emt 00:01:15]} e6 {[%clk 01:11:34]} {[%emt 00:00:08]} 27.
Ra6 {[%clk 00:40:03]} {[%emt 00:00:52]} Rb8 {[%clk 01:10:07]} {[%emt 00:01:58]}
28. Rd6 {[%clk 00:40:18]} {[%emt 00:00:14]} Be8 {[%clk 01:10:22]} {[%emt
00:00:15]} 29. Rdb6 {[%clk 00:39:49]} {[%emt 00:00:59]} Rcb7 {[%clk 01:09:41]}
{[%emt 00:01:11]} 30. Rxb7 {[%clk 00:40:14]} {[%emt 00:00:05]} Rxb7 {[%clk
01:10:09]} {[%emt 00:00:03]} 31. Rb6 {[%clk 00:37:39]} {[%emt 00:03:05]} Rxb6
{[%clk 01:10:28]} {[%emt 00:00:11]} 32. cxb6 {[%clk 00:38:05]} {[%emt
00:00:04]} Bc6 {[%clk 01:10:53]} {[%emt 00:00:05]} 33. Bxb5 {[%clk 00:38:31]}
{[%emt 00:00:04]} Bb7 {[%clk 01:11:21]} {[%emt 00:00:02]} 34. Bd7 {[%clk
00:38:49]} {[%emt 00:00:11]} Kf8 {[%clk 01:11:17]} {[%emt 00:00:34]} 35. b5
{[%clk 00:39:14]} {[%emt 00:00:05]} Ke7 {[%clk 01:11:43]} {[%emt 00:00:04]} 36.
Bc6 {[%clk 00:39:41]} {[%emt 00:00:04]} 1-0